000 01435nam a2200421 i 4500
001 1414
003 KOSZ 005
005 20220824101118.0
008 220506s1979 pl a f f 001 0 pol
015 _aPB 1980/1232
020 _a8322000359
035 _a(OCoLC)749201184
040 _aWA N
_cWA N
_dKOSZ 005/HR
_dKOSZ 005/RW
046 _k1947
080 _a551.1/.4
080 _a(075.8)
100 1 _aKsiążkiewicz, Marian
_d(1906-1981)
_eAutor
245 1 0 _aGeologia dynamiczna /
_cMarian Książkiewicz.
250 _aWydanie 5.
260 _aWarszawa :
_bWydawnictwa Geologiczne,
_c1979.
300 _a707, [1] stron :
_bilustracje, mapy, tablice, wykresy ;
_c25 cm.
336 _aTekst
_btxt
_2rdacontent
337 _aBez urządzenia pośredniczącego
_bn
_2rdamedia
338 _aWolumin
_bnc
_2rdacarrier
380 _aKsiążki
380 _aPublikacje dydaktyczne
385 _mPoziom nauczania
_aSzkoły wyższe
388 1 _a1901-2000
388 1 _a1945-1989
504 _aBibliografia przy rozdziałach. Indeksy.
521 8 _aPodręcznik przeznaczony dla studentów geologii.
650 7 _aGeologia dynamiczna
655 7 _aPodręczniki akademickie
658 _aGeografia i nauki o Ziemi
710 2 _aWydawnictwa Geologiczne
_4pbl
856 _uhttp://koha.tu.koszalin.pl/cgi-bin/koha/opac-detail.pl?biblionumber=1414
_yKatalog online BPK
942 _2UKD
_cKS
999 _c1414
_d1414